| 000 | 00503nam a22001697a 4500 | ||
|---|---|---|---|
| 005 | 20130613153334.0 | ||
| 010 | _aENG-107599 | ||
| 020 |
_a9789350835074 _c125.00 |
||
| 035 | _aEN-91132 | ||
| 037 | _bDBAD/PUB | ||
| 100 | _aNams, Noelle | ||
| 245 |
_aIt's all b' coz of you : _c by Noelle Nams _bthat i want you some more / |
||
| 260 |
_aNew Delhi _bDiamond Pocket Book _c2013 |
||
| 270 |
_aX-30, Okhla Industrial Area, Phase-II _bNew Delhi _e110020 |
||
| 300 |
_a159p. _c23cm(pbk) |
||
| 942 |
_2ddc _cEN _mNAM |
||
| 999 |
_c76639 _d76639 |
||